Challenges before Library and Information Science in new millennium / (Record no. 63269)

MARC details
000 -LEADER
fixed length control field 00596nam a22001697a 4500
005 - DATE AND TIME OF LATEST TRANSACTION
control field 20120221135435.0
020 ## - INTERNATIONAL STANDARD BOOK NUMBER
International Standard Book Number 8170002982
Terms of availability 500.00
035 ## - SYSTEM CONTROL NUMBER
System control number B-31434
037 ## - SOURCE OF ACQUISITION
Stock number DPL
Source of stock number/acquisition ENG
100 ## - MAIN ENTRY--PERSONAL NAME
Personal name Chopra, Y. L.
245 ## - TITLE STATEMENT
Title Challenges before Library and Information Science in new millennium /
Statement of responsibility, etc by Y. L. Chopra and Mamta Chopra
260 ## - PUBLICATION, DISTRIBUTION, ETC. (IMPRINT)
Place of publication, distribution, etc New Delhi
Name of publisher, distributor, etc Ess Ess Publications
Date of publication, distribution, etc 2001
300 ## - PHYSICAL DESCRIPTION
Extent 184p.
Dimensions 18 cms.
700 ## - ADDED ENTRY--PERSONAL NAME
Personal name Chopra, Mamta
9 (RLIN) 42699
942 ## - ADDED ENTRY ELEMENTS (KOHA)
Source of classification or shelving scheme Dewey Decimal Classification
Item type English Books
Classification part 020
Call number suffix CHO
Holdings
Withdrawn status Lost status Not for loan Collection code Home library Current library Date acquired Cost, normal purchase price Full call number Barcode Cost, replacement price Koha item type
      Non-fiction Sarojini Nagar Sarojini Nagar 21/02/2012 500.00 020 CHO B-31434 500.00 English Books

© Delhi Public Library
Hit Counter
free hit counter